000 00870nam a2200181Ia 4500
008 090630s9999 xx 000 0 und d
082 _b21613
100 _aनगर्सेकर सुरेश.
245 _aरोग प्रतिकार शक्ती वाढविणारी प्रभावी औषधे.
_cनगर्सेकर सुरेश.
260 _bमनोरमा - मुंबई.
_c2002
300 _a333
600 _aनगर्सेकर सुरेश.
630 _aरोग प्रतिकार शक्ती वाढविणारी प्रभावी औषधे.
655 _aइतर.
700 _aनगर्सेकर सुरेश.
730 _aरोग प्रतिकार शक्ती वाढविणारी प्रभावी औषधे.
942 _cBOOK
999 _c273469
_d273469